000 00758nam a2200229 a 4500
001 55946
003 BD-RJUL
005 20211209080332.0
008 116112s1961 nju b 000 0 eng
035 _a(BD-RJUL)56070
040 _aDLC
_cDLC
_dBD-RJUL
_dBD-RJUL
_beng
041 _aeng
082 _223
_a821.8
_bBUT 1961
100 _aBuckley, Jerome Hamilton
_9166536
245 0 0 _aTennyson :
_ba collection of critical essays /
_cJerome Hamilton Buckley
260 _aEnglewood Cliffs, N.J. :
_bPrentice-Hall,
_c1961
300 _aiv,298 p. ;
_c21 cm.
504 _aBibliography: p. 217-218.
600 1 0 _aTennyson, Alfred Tennyson,
_cBaron,
_d1809-1892
_xCriticism and interpretation.
_9166542
700 1 _aFrancis, Elizabeth A.
_9166538
942 _2ddc
_cBK
999 _c55946
_d55946